000
00234nam a2200097Ia 4500
001
705811
005
20250826162437.0
008
250824s9999 xx 000 0 und d
245
0
_a
SANAT VE…
_c
ÖMER LEKESİZ
260
_b
ŞULE YAYINLARI
999
_c
705811
_d
705811